La sociedad anónima y otras sociedades por acciones en el Derecho chileno y comparado
Salvato in:
| Autore principale: | |
|---|---|
| Natura: | Libro |
| Lingua: | spagnolo |
| Pubblicazione: |
Santiago
Jurídica de Chile
2013
|
| Edizione: | 2a. ed |
| Soggetti: | |
| Tags: |
Aggiungi Tag
Nessun Tag, puoi essere il primo ad aggiungerne!!
|
MARC
| LEADER | 00000cam a2200000 a 4500 | ||
|---|---|---|---|
| 001 | UCF8330 | ||
| 003 | CL-VaPUC | ||
| 008 | 130829e20130700cl |||||||||||||||||spa|d | ||
| 020 | |a 9789561022539o.c | ||
| 082 | 0 | 4 | |a 346.83078 |b PUG |2 21 |
| 100 | 0 | |a Puga Vial, Juan Esteban |e author |9 570405 | |
| 245 | 1 | 3 | |a La sociedad anónima y otras sociedades por acciones en el Derecho chileno y comparado |
| 250 | |a 2a. ed | ||
| 300 | |a t | ||
| 942 | |c BK | ||
| 945 | |d 20130829 16:44:00 |a dcastane | ||
| 260 | |a Santiago |b Jurídica de Chile |c 2013 | ||
| 650 | 7 | |a SOCIEDAD ANONIMA |2 CL-VaPUC |9 430900 | |
| 650 | 0 | |a Derecho comercial |9 256340 | |
| 650 | 7 | |a CONTRATO DE SOCIEDAD |2 CL-VaPUC |9 398370 | |
| 650 | 0 | |a Derecho comparado |9 255664 | |
| 583 | |a last modification |c 20150703 09:57:23 |k Rodrigo Vera | ||
| 999 | |c 352911 |d 352909 | ||
| 952 | |0 0 |1 0 |3 erb |4 0 |6 346_830780000000000_PUG_2013 |7 0 |8 A |9 457701 |a BIBDER |b BIBDER |d 2019-11-23 |h t.1 |i 4996429 |l 1 |m 5 |o 346.83078 PUG 2013 |p 4996429 |q 2025-12-31 |r 2020-03-04 |s 2020-03-04 |w 2019-11-23 |y BK |z Catalogado en:20130829 |k DER | ||
| 952 | |0 0 |1 0 |3 erb |4 0 |6 346_830780000000000_PUG_2013 |7 0 |8 A |9 457702 |a BIBDER |b BIBDER |d 2019-11-23 |h t.2 |i 4996410 |l 1 |m 5 |o 346.83078 PUG 2013 |p 4996410 |q 2025-12-31 |r 2020-03-04 |s 2020-03-04 |w 2019-11-23 |y BK |z Catalogado en:20130829 |k DER | ||
| 952 | |0 0 |1 0 |3 erb |4 0 |6 346_830780000000000_PUG_2013 |7 0 |8 R |9 457703 |a BIBGIM |b BIBGIM |d 2019-11-23 |h t.1 |i 5021065 |o 346.83078 PUG 2013 |p 5021065 |r 2025-01-15 |w 2019-11-23 |y BK_R |z Catalogado en:20131018 |k COM | ||
| 952 | |0 0 |1 0 |3 erb |4 0 |6 346_830780000000000_PUG_2013 |7 0 |8 R |9 457704 |a BIBGIM |b BIBGIM |d 2019-11-23 |h t.2 |i 5021073 |o 346.83078 PUG 2013 |p 5021073 |r 2025-01-15 |w 2019-11-23 |y BK_R |z Catalogado en:20131018 |k COM | ||
| 952 | |0 0 |1 0 |3 erb |4 0 |6 346_830780000000000_PUG_2013 |7 0 |8 A |9 457705 |a BIBDER |b BIBDER |h t.1 |i 5254566 |l 20 |m 4 |o 346.83078 PUG 2013 |p 5254566 |q 2025-12-31 |r 2024-11-22 |s 2024-11-22 |w 2019-11-23 |y BK |z Catalogado en:20151204 |k DER | ||
| 952 | |0 0 |1 0 |3 erb |4 0 |6 346_830780000000000_PUG_2013 |7 0 |8 A |9 457706 |a BIBDER |b BIBDER |h t.2 |i 5254574 |l 19 |m 4 |o 346.83078 PUG 2013 |p 5254574 |q 2025-12-31 |r 2024-11-22 |s 2024-11-22 |w 2019-11-23 |y BK |z Catalogado en:20151204 |k DER | ||